[Event "Koege Weekend Jubilaeum 2022"]
[Site "Koge"]
[Date "2022.04.30"]
[Round "3"]
[White "Iskos, Lukas"]
[Black "Mollasoltani, Aryan"]
[Result "1-0"]
[WhiteElo "2052"]
[BlackElo "1942"]
[PlyCount "91"]
[EventDate "2022.04.29"]
[EventType "swiss"]
[EventRounds "5"]
[EventCountry "DEN"]

1. d4 d5 2. Bf4 Nf6 3. e3 e6 4. Nf3 Bd6 5. Bg3 O-O 6. Nbd2 b6 7. c3 Bb7 8. Bd3
Ne4 9. Qc2 f5 10. Bf4 Nd7 11. h4 Ndf6 12. Bxe4 Nxe4 13. g3 a5 14. O-O Qe7 15.
Kg2 Rfc8 16. Rac1 Ba6 17. Rfe1 c5 18. Bxd6 Nxd6 19. Ne5 b5 20. dxc5 Nc4 21.
Ndxc4 bxc4 22. Qa4 Rxc5 23. Qd7 Qxd7 24. Nxd7 Rb5 25. Rb1 Rb7 26. Ne5 Bb5 27.
b4 cxb3 28. Rxb3 Rab8 29. Reb1 Ba6 30. Nc6 Rxb3 31. Rxb3 Rb5 32. Rxb5 Bxb5 33.
Nxa5 Kf8 34. f4 Ke7 35. Nb3 Kd6 36. Kf2 Bd3 37. Ke1 Bb1 38. a3 Bc2 39. Nd4 Ba4
40. Kd2 g6 41. Kd3 e5 42. fxe5+ Kxe5 43. Nf3+ Kf6 44. Kd4 Bc6 45. Ne5 Ba8 46.
Nd7+ 1-0

[Event "Koege Weekend Jubilaeum 2022"]
[Site "Koge"]
[Date "2022.04.30"]
[Round "3"]
[White "Videbaek, Vincent"]
[Black "Thuesen, Mogens Henrik"]
[Result "0-1"]
[WhiteElo "1686"]
[BlackElo "2224"]
[PlyCount "48"]
[EventDate "2022.04.29"]
[EventType "swiss"]
[EventRounds "5"]
[EventCountry "DEN"]

1. e4 c5 2. c3 d5 3. exd5 Qxd5 4. d4 cxd4 5. cxd4 Nc6 6. Nf3 e5 7. dxe5 Qxd1+
8. Kxd1 Bg4 9. Be2 Bc5 10. Rf1 Nge7 11. Nc3 O-O 12. Bf4 Ng6 13. Bg3 Rfd8+ 14.
Kc1 h5 15. h3 Bf5 16. a3 Rac8 17. Rd1 Bd4 18. Bd3 Be3+ 19. Kc2 Rxd3 20. Rxd3
Bf4 21. Rad1 Bxg3 22. fxg3 Ngxe5 23. Ne1 Nxd3 24. Nxd3 Nd4+ 0-1

[Event "Koege Weekend Jubilaeum 2022"]
[Site "Koge"]
[Date "2022.04.30"]
[Round "3"]
[White "Kuhnrich, Soren"]
[Black "Hansen, Claus Ago"]
[Result "1/2-1/2"]
[WhiteElo "1753"]
[BlackElo "1744"]
[PlyCount "76"]
[EventDate "2022.04.29"]
[EventType "swiss"]
[EventRounds "5"]
[EventCountry "DEN"]

1. d4 f5 2. Nf3 Nf6 3. c4 g6 4. g3 Bg7 5. Bg2 O-O 6. O-O d6 7. Nc3 Qe8 8. d5 e5
9. dxe6 Bxe6 10. Ng5 c6 11. Qb3 Bc8 12. Rd1 h6 13. Nh3 Qe7 14. Nf4 Kh7 15. e3
Nbd7 16. Qc2 Ne5 17. b3 g5 18. Nfe2 Nfg4 19. Ba3 c5 20. Nd5 Qf7 21. Bb2 Be6 22.
Rd2 Rae8 23. Rad1 Kg8 24. h3 Nxf2 25. Kxf2 f4 26. exf4 Bf5 27. Qc1 Qh5 28. Ne3
gxf4 29. Nxf4 Bxh3 30. Rxd6 Bxg2 31. Nexg2 Qf3+ 32. Kg1 Qxg3 33. Bxe5 Rxe5 34.
Rd8 Ref5 35. Rxf8+ Rxf8 36. Rd3 Qg4 37. Qd2 Bf6 38. Qe2 Bd4+ 1/2-1/2

[Event "Koege Weekend Jubilaeum 2022"]
[Site "Koge"]
[Date "2022.05.01"]
[Round "4"]
[White "Okhotnik, Vladimir"]
[Black "Andersen, Soren Mikkel"]
[Result "1-0"]
[WhiteElo "2333"]
[BlackElo "2149"]
[PlyCount "115"]
[EventDate "2022.04.29"]
[EventType "swiss"]
[EventRounds "5"]
[EventCountry "DEN"]

1. e4 c5 2. c3 Nf6 3. e5 Nd5 4. Nf3 Nc6 5. Bc4 Nb6 6. Bb3 d5 7. exd6 c4 8. Bc2
e5 9. d4 cxd3 10. Qxd3 Be6 11. Na3 Bxd6 12. Nb5 Be7 13. Qxd8+ Kxd8 14. O-O a6
15. Rd1+ Kc8 16. Nd6+ Kc7 17. Nf5 Bf6 18. Bg5 Rad8 19. Rxd8 Rxd8 20. Bxf6 gxf6
21. Ne3 h6 22. Kf1 Ne7 23. Ke1 Nbd5 24. a3 Nxe3 25. fxe3 Nf5 26. Kf2 Nd6 27.
Nd2 a5 28. Rd1 b6 29. h3 Nc4 30. Nxc4 Rxd1 31. Bxd1 Bxc4 32. b3 Bd5 33. c4 Be4
34. b4 Kd6 35. g3 Bf5 36. h4 Be6 37. Be2 Kc7 38. Ke1 Bf5 39. Kd2 Be6 40. Kc3
Kc6 41. Bf3+ Kd6 42. Be4 Bg4 43. c5+ bxc5 44. bxa5 Bc8 45. Bd3 Kc6 46. a4 f5
47. Bb5+ Kd5 48. a6 Kd6 49. a7 Bb7 50. Bd3 Kc6 51. Bxf5 Kb6 52. Kc4 Ba6+ 53.
Kd5 Kxa7 54. Kxc5 Bb7 55. Kd6 e4 56. Ke5 Bc6 57. Bxe4 Bxa4 58. Bd5 1-0

[Event "Koege Weekend Jubilaeum 2022"]
[Site "Koge"]
[Date "2022.05.01"]
[Round "4"]
[White "Liu, Casper Yukun"]
[Black "Meskenas, Paulius"]
[Result "1-0"]
[WhiteElo "2181"]
[BlackElo "2110"]
[PlyCount "67"]
[EventDate "2022.04.29"]
[EventType "swiss"]
[EventRounds "5"]
[EventCountry "DEN"]

1. d4 Nf6 2. c4 g6 3. h4 h6 4. Nc3 d5 5. cxd5 Nxd5 6. e4 Nxc3 7. bxc3 Bg7 8.
Bc4 c5 9. Ne2 Nc6 10. Be3 Qa5 11. O-O cxd4 12. cxd4 O-O 13. d5 Ne5 14. Bb3 e6
15. dxe6 Bxe6 16. Bxe6 fxe6 17. Qb3 Qa6 18. Nd4 Rae8 19. Nb5 Rc8 20. Rac1 Nc6
21. Nd6 Rc7 22. Qxe6+ Kh7 23. Bc5 Rf6 24. Qb3 Na5 25. Qd5 Rd7 26. e5 Rf5 27.
Qe6 Rc7 28. Bd4 Rc6 29. Qd7 Kg8 30. Nxf5 gxf5 31. e6 Bxd4 32. Qf7+ Kh8 33. e7
Rxc1 34. e8=Q# 1-0

[Event "Koege Weekend Jubilaeum 2022"]
[Site "Koge"]
[Date "2022.05.01"]
[Round "4"]
[White "Pedersen, Daniel Vesterbaek"]
[Black "Falkesgaard, Jeppe Hald"]
[Result "1-0"]
[WhiteElo "2147"]
[BlackElo "2000"]
[PlyCount "75"]
[EventDate "2022.04.29"]
[EventType "swiss"]
[EventRounds "5"]
[EventCountry "DEN"]

1. Nf3 Nf6 2. c4 g6 3. b3 Bg7 4. Bb2 O-O 5. g3 d6 6. d4 c5 7. Bg2 Nbd7 8. O-O
Rb8 9. Nc3 a6 10. dxc5 Nxc5 11. b4 Ncd7 12. Nd5 b5 13. Nxf6+ Bxf6 14. Bxf6 Nxf6
15. Nd4 Bb7 16. cxb5 axb5 17. Nc6 Bxc6 18. Bxc6 Qb6 19. Bf3 Rfc8 20. Qb3 Qd4
21. e3 Qc4 22. Rfb1 Nd7 23. Qxc4 bxc4 24. b5 c3 25. Be2 Ra8 26. a4 Nc5 27. Bd1
Ra5 28. Ra3 Nd3 29. Bc2 Ne5 30. Kg2 Kg7 31. b6 Rac5 32. b7 Rb8 33. a5 Nc6 34.
a6 Na7 35. Rbb3 Kf6 36. Rxc3 Rxc3 37. Rxc3 Nb5 38. Rc8 1-0

[Event "Koege Weekend Jubilaeum 2022"]
[Site "Koge"]
[Date "2022.05.01"]
[Round "4"]
[White "Thuesen, Mogens Henrik"]
[Black "Iskos, Lukas"]
[Result "0-1"]
[WhiteElo "2224"]
[BlackElo "2052"]
[PlyCount "76"]
[EventDate "2022.04.29"]
[EventType "swiss"]
[EventRounds "5"]
[EventCountry "DEN"]

1. d4 d5 2. c4 e6 3. Nf3 Nf6 4. g3 Bb4+ 5. Bd2 Be7 6. Bg2 O-O 7. O-O dxc4 8.
Qa4 a6 9. Qxc4 b5 10. Qc1 Bb7 11. Rd1 Nbd7 12. Ba5 Rc8 13. a4 Qe8 14. axb5 axb5
15. Nc3 c6 16. Qf4 b4 17. Ne4 Nd5 18. Qd2 c5 19. dxc5 Nxc5 20. Nxc5 Bxc5 21.
Ne5 Qb5 22. Nd3 b3 23. Nxc5 Rxc5 24. e4 Nf6 25. Qb4 Ra8 26. f3 Qxb4 27. Bxb4
Rxa1 28. Rxa1 Rc2 29. Ra7 Bc6 30. Ba3 h6 31. Bf1 Nd7 32. Ra5 f6 33. Bb5 Ne5 34.
Bxc6 Nxf3+ 35. Kf1 Nxh2+ 36. Ke1 Nf3+ 37. Kf1 Rxc6 38. Kf2 Nd2 0-1

[Event "Koege Weekend Jubilaeum 2022"]
[Site "Koge"]
[Date "2022.05.01"]
[Round "4"]
[White "Pihl, William"]
[Black "Mollasoltani, Aryan"]
[Result "1-0"]
[WhiteElo "1878"]
[BlackElo "1942"]
[PlyCount "147"]
[EventDate "2022.04.29"]
[EventType "swiss"]
[EventRounds "5"]
[EventCountry "DEN"]

1. Nf3 d5 2. b3 Nf6 3. Bb2 Bf5 4. e3 h6 5. Be2 e6 6. d4 Bd6 7. O-O Nbd7 8. Nbd2
O-O 9. c4 c6 10. Ne5 Ne4 11. Ndf3 f6 12. Nd3 Qe7 13. Rc1 a5 14. a4 Bh7 15. Nd2
Ng5 16. f4 Nf7 17. Nb1 Rfe8 18. Bg4 Bxd3 19. Qxd3 f5 20. Bf3 g6 21. Nd2 Nf6 22.
Qe2 Kh7 23. Kh1 Rg8 24. Rg1 Bb4 25. Bc3 g5 26. Bxb4 Qxb4 27. g3 g4 28. Bg2 Qe7
29. Qd3 Nd6 30. c5 Nde8 31. Bf1 Nc7 32. Qc2 Rgb8 33. Bd3 Qd7 34. Rg2 Na6 35.
Bxa6 bxa6 36. Rb1 Rb4 37. Rgg1 Rab8 38. Rb2 Kg7 39. Kg2 Kf7 40. Kf2 Ke7 41. Ke2
Kd8 42. Kf2 Kc7 43. Ke2 Kb7 44. Kf2 Ka7 45. Ke2 h5 46. Rgb1 Rh8 47. Qd1 h4 48.
Qg1 Rh6 49. Qg2 Qh7 50. Nf1 Ne4 51. Kd3 Qg6 52. Rc2 hxg3 53. Nxg3 Nf6 54. Rcb2
Rh3 55. Re2 Qf7 56. Reb2 Nh7 57. Re2 Nf8 58. Kc3 Ng6 59. Qf2 Qb7 60. Reb2 Nh4
61. Rg1 Nf3 62. Rh1 Qh7 63. Ra2 Rb8 64. Rb2 Rb4 65. Ra2 Rb8 66. Rb2 Qb7 67. Kc2
Qb4 68. Qe2 Rbh8 69. Nf1 Kb7 70. Kb1 g3 71. Qxf3 Qe1+ 72. Ka2 gxh2 73. Nxh2 Qb4
74. Qf2 1-0

[Event "Koege Weekend Jubilaeum 2022"]
[Site "Koge"]
[Date "2022.05.01"]
[Round "4"]
[White "Saravana, Vedant Kumar"]
[Black "Schmidt, Kristen"]
[Result "1-0"]
[WhiteElo "1877"]
[BlackElo "2310"]
[PlyCount "47"]
[EventDate "2022.04.29"]
[EventType "swiss"]
[EventRounds "5"]
[EventCountry "DEN"]

1. e4 d6 2. d4 Nf6 3. Nc3 g6 4. f3 c6 5. Be3 Nbd7 6. Qd2 b5 7. h4 Nb6 8. O-O-O
h5 9. e5 Nfd5 10. Kb1 Nxe3 11. Qxe3 Bh6 12. Qe1 O-O 13. Bd3 Be6 14. g4 b4 15.
Ne4 Nd5 16. Ng5 Qa5 17. Ne2 Rab8 18. gxh5 Ne3 19. Nxe6 Nxd1 20. Qxd1 fxe6 21.
Qg1 b3 22. Qxg6+ Bg7 23. Qh7+ Kf7 24. Bg6# 1-0

[Event "Koege Weekend Jubilaeum 2022"]
[Site "Koge"]
[Date "2022.05.01"]
[Round "4"]
[White "Jarlskov, Daniel Tuk Hartso"]
[Black "Nielsen Refs, Karl Emil Elmer"]
[Result "*"]
[WhiteElo "1995"]
[BlackElo "1955"]
[PlyCount "119"]
[EventDate "2022.04.29"]
[EventType "swiss"]
[EventRounds "5"]
[EventCountry "DEN"]

1. d4 Nf6 2. c4 g6 3. Nc3 Bg7 4. e4 d6 5. h3 O-O 6. Nf3 e5 7. d5 a5 8. Be3 Na6
9. Be2 b6 10. g4 Nc5 11. Nd2 Ne8 12. g5 f5 13. h4 f4 14. Bxc5 bxc5 15. Nf3 Bg4
16. Nd2 Bxe2 17. Qxe2 Rb8 18. Nf3 Kf7 19. h5 Rh8 20. h6 Bf8 21. Qc2 Be7 22. Rg1
c6 23. Ke2 Qb6 24. b3 Nc7 25. Rab1 cxd5 26. exd5 Qa6 27. Qd2 Rb4 28. a3 Rxb3
29. Rxb3 Qxc4+ 30. Qd3 Qxb3 31. Rb1 c4 32. Rxb3 cxd3+ 33. Kxd3 Na6 34. Ne4 Rb8
35. Rxb8 Nxb8 36. Kc4 Na6 37. Kb5 Nc7+ 38. Kc6 Na6 39. Nxd6+ Kf8 40. Nc4 e4 41.
Nd4 Kg8 42. Ne6 e3 43. fxe3 fxe3 44. Nxe3 Bxa3 45. Nc4 Nb4+ 46. Kc5 Nxd5+ 47.
Nxa3 Ne7 48. Kd6 Nf5+ 49. Ke5 Ne7 50. Nc4 Nc6+ 51. Kf6 Kh8 52. Kf7 a4 53. Kf6
Nb4 54. Nc5 Nd5+ 55. Ke6 Nc7+ 56. Ke7 Kg8 57. Ne4 Kh8 58. Kf8 a3 59. Ne5 a2 60.
Nf7# 

*

[Event "Koege Weekend Jubilaeum 2022"]
[Site "Koge"]
[Date "2022.05.01"]
[Round "4"]
[White "Hansen, Claus Ago"]
[Black "Videbaek, Vincent"]
[Result "0-1"]
[WhiteElo "1744"]
[BlackElo "1686"]
[PlyCount "96"]
[EventDate "2022.04.29"]
[EventType "swiss"]
[EventRounds "5"]
[EventCountry "DEN"]

1. f4 d5 2. Nf3 Nf6 3. g3 c5 4. Bg2 Nc6 5. O-O Bf5 6. d3 e6 7. Qe1 Be7 8. a4
O-O 9. Na3 Qb6 10. Kh1 Rac8 11. c3 Na5 12. Ne5 Nb3 13. Rb1 Nxc1 14. Qxc1 Rfd8
15. h3 h5 16. Qe1 Nd7 17. Nf3 Nf6 18. Nh2 Qb3 19. e4 dxe4 20. dxe4 Bh7 21. g4
hxg4 22. hxg4 Rd7 23. g5 Ne8 24. Ng4 Rcd8 25. Ne5 Rd6 26. Nac4 Ra6 27. Qh4 Nd6
28. Nxd6 Rdxd6 29. f5 exf5 30. exf5 Rxa4 31. Qh5 g6 32. fxg6 Bxg6 33. Qf3 Bxb1
34. Nxf7 Bg6 35. Ne5 Qc2 36. Qxb7 Rh4+ 37. Kg1 Bxg5 38. Qc8+ Kh7 39. Qxc5 Rd2
40. Bd5 Rhh2 41. Qxa7+ Kh6 42. Ng4+ Kh5 43. Nxh2 Rxh2 44. Qd4 Rh4 45. Qh8+ Bh6
46. Bf3+ Kg5 47. Qe5+ Bf5 48. Qxf5+ Qxf5 0-1

[Event "Koege Weekend Jubilaeum 2022"]
[Site "Koge"]
[Date "2022.05.01"]
[Round "4"]
[White "Stuhr, Finn"]
[Black "Kuhnrich, Soren"]
[Result "1-0"]
[WhiteElo "1650"]
[BlackElo "1753"]
[PlyCount "143"]
[EventDate "2022.04.29"]
[EventType "swiss"]
[EventRounds "5"]
[EventCountry "DEN"]

1. e4 e5 2. Nf3 Nc6 3. Bb5 Nf6 4. O-O Nxe4 5. Re1 Nf6 6. Bxc6 dxc6 7. Rxe5+ Be7
8. Qe1 Ng4 9. Re2 h6 10. c3 Be6 11. h3 Nf6 12. Nd4 Bc4 13. Re5 g6 14. b3 Nd7
15. Re3 Ba6 16. Ba3 c5 17. c4 Kf8 18. Nc3 Bf6 19. Nf3 b6 20. d4 Kg7 21. Rd1
cxd4 22. Nxd4 Bb7 23. Nf3 Qc8 24. Nd5 Bxd5 25. Rxd5 c5 26. Red3 Rd8 27. Qd1 Nf8
28. Rxd8 Bxd8 29. Bb2+ Kh7 30. Rd5 Bc7 31. h4 Qe6 32. h5 Re8 33. Bc3 Qe2 34.
Qb1 Qe4 35. hxg6+ Nxg6 36. Qxe4 Rxe4 37. Bf6 Re6 38. Rd7 Rxf6 39. Rxc7 a5 40.
Nd2 Kg7 41. Ne4 Re6 42. f3 Ne5 43. Kf1 Nd3 44. Rd7 Nb4 45. Rd2 Nc6 46. a3 Nd4
47. b4 axb4 48. axb4 f5 49. Nc3 cxb4 50. Nd5 Nb3 51. Rb2 Na5 52. Rxb4 Nc6 53.
Rxb6 Nd4 54. c5 Rc6 55. Rb7+ Kh8 56. Rc7 Rxc7 57. Nxc7 Kg8 58. Kf2 f4 59. g3
fxg3+ 60. Kxg3 Kf7 61. Kf4 Nb3 62. Na6 Ke6 63. c6 Nd4 64. c7 Kd7 65. Ke4 Ne6
66. f4 Kc8 67. f5 Nxc7 68. Nxc7 Kxc7 69. f6 Kd7 70. Kf5 Ke8 71. Kg6 h5 72. Kg7
1-0

[Event "Koege Weekend Jubilaeum 2022"]
[Site "Koge"]
[Date "2022.05.01"]
[Round "5"]
[White "Iskos, Lukas"]
[Black "Pedersen, Daniel Vesterbaek"]
[Result "1/2-1/2"]
[WhiteElo "2052"]
[BlackElo "2147"]
[PlyCount "104"]
[EventDate "2022.04.29"]
[EventType "swiss"]
[EventRounds "5"]
[EventCountry "DEN"]

1. d4 Nf6 2. Bf4 c5 3. e3 Nd5 4. dxc5 Nxf4 5. exf4 Qa5+ 6. Nc3 Qxc5 7. Qd5 Qc7
8. Qe4 e6 9. Nf3 Be7 10. O-O-O d5 11. Qe5 Qxe5 12. fxe5 a6 13. Nd4 Nc6 14. Nxc6
bxc6 15. Na4 Rb8 16. c4 c5 17. cxd5 exd5 18. Rxd5 Be6 19. Rd3 Bg5+ 20. Kd1 Bxa2
21. Kc2 c4 22. Ra3 Bb3+ 23. Kb1 Be7 24. Ra1 O-O 25. Nc3 Rfd8 26. Be2 Rd2 27.
Rxa6 Bb4 28. Bf3 Bc2+ 29. Kc1 Bxc3 30. bxc3 Rxf2 31. Ra8 Rxa8 32. Bxa8 Bd3 33.
Re1 Rc2+ 34. Kd1 Rxc3 35. e6 fxe6 36. Rxe6 Ra3 37. Bd5 Kf8 38. Kd2 Ra2+ 39. Kc3
Rc2+ 40. Kd4 Bf1 41. Re3 Rd2+ 42. Ke5 Bxg2 43. Bxc4 Bc6 44. Re2 Rxe2+ 45. Bxe2
Kf7 46. Bd3 h6 47. h4 Bf3 48. Bc2 Bh5 49. Bd3 g5 50. hxg5 hxg5 51. Kf5 Bg6+ 52.
Kxg5 Bxd3 1/2-1/2

[Event "Koege Weekend Jubilaeum 2022"]
[Site "Koge"]
[Date "2022.05.01"]
[Round "5"]
[White "Nilsson, Anders (1976)"]
[Black "Meskenas, Paulius"]
[Result "1/2-1/2"]
[WhiteElo "2237"]
[BlackElo "2110"]
[PlyCount "28"]
[EventDate "2022.04.29"]
[EventType "swiss"]
[EventRounds "5"]
[EventCountry "DEN"]

1. d4 d5 2. Bf4 Nf6 3. e3 e6 4. Nd2 Bd6 5. Ngf3 O-O 6. Bd3 c5 7. c3 Qc7 8. Bxd6
Qxd6 9. dxc5 Qxc5 10. Qe2 Nc6 11. e4 e5 12. O-O Bg4 13. h3 Bxf3 14. Qxf3 d4
1/2-1/2

[Event "Koege Weekend Jubilaeum 2022"]
[Site "Koge"]
[Date "2022.05.01"]
[Round "5"]
[White "Andersen, Soren Mikkel"]
[Black "Pihl, William"]
[Result "1-0"]
[WhiteElo "2149"]
[BlackElo "1878"]
[PlyCount "85"]
[EventDate "2022.04.29"]
[EventType "swiss"]
[EventRounds "5"]
[EventCountry "DEN"]

1. d4 d5 2. c4 e6 3. Nc3 Nf6 4. Bg5 Nbd7 5. e3 c6 6. Nf3 Be7 7. Qc2 h6 8. Bh4
O-O 9. a3 Re8 10. Rd1 Qa5 11. c5 Ne4 12. b4 Qxa3 13. Na2 b5 14. Bd3 Nef6 15.
O-O Qa6 16. Nc1 Qb7 17. Nb3 Bd8 18. Ra1 e5 19. dxe5 Nxe5 20. Nxe5 Rxe5 21. Ra3
a6 22. Rfa1 Qd7 23. Nd4 Bb7 24. Bf5 Qe8 25. Bg3 Bc7 26. Bxe5 Qxe5 27. g3 Re8
28. Rxa6 Bxa6 29. Rxa6 Ne4 30. Bd7 Rf8 31. Bxc6 Ng5 32. Kg2 Ne6 33. Nf3 Qh5 34.
Bxb5 Rb8 35. Qa4 d4 36. exd4 Rxb5 37. Rxe6 fxe6 38. Qxb5 Qd5 39. Qe2 g5 40. h3
h5 41. Qe3 Bd8 42. Qe5 g4 43. Qxd5 1-0

[Event "Koege Weekend Jubilaeum 2022"]
[Site "Koge"]
[Date "2022.05.01"]
[Round "5"]
[White "Falkesgaard, Jeppe Hald"]
[Black "Jarlskov, Daniel Tuk Hartso"]
[Result "0-1"]
[WhiteElo "2000"]
[BlackElo "1995"]
[PlyCount "62"]
[EventDate "2022.04.29"]
[EventType "swiss"]
[EventRounds "5"]
[EventCountry "DEN"]

1. d4 d5 2. c4 e6 3. Nc3 Nf6 4. cxd5 exd5 5. Bg5 Be7 6. e3 h6 7. Bh4 O-O 8. Bd3
c6 9. Qc2 Re8 10. Nf3 Nbd7 11. O-O Ne4 12. Bxe7 Qxe7 13. Rab1 b6 14. b4 a5 15.
bxa5 Rxa5 16. Bxe4 dxe4 17. Nd2 Ba6 18. Ncxe4 Bxf1 19. Rxf1 Nf6 20. Nxf6+ Qxf6
21. Nc4 Rb5 22. Ne5 Rc8 23. Rc1 Qe6 24. g3 c5 25. a4 Ra5 26. Qc4 Qxc4 27. Rxc4
Rca8 28. dxc5 Rxc5 29. Rxc5 bxc5 30. Nd7 c4 31. Nb6 c3 0-1

[Event "Koege Weekend Jubilaeum 2022"]
[Site "Koge"]
[Date "2022.05.01"]
[Round "5"]
[White "Saravana, Vedant Kumar"]
[Black "Thuesen, Mogens Henrik"]
[Result "1-0"]
[WhiteElo "1877"]
[BlackElo "2224"]
[PlyCount "53"]
[EventDate "2022.04.29"]
[EventType "swiss"]
[EventRounds "5"]
[EventCountry "DEN"]

1. e4 e6 2. d4 d5 3. e5 c5 4. c3 Qb6 5. Nf3 Bd7 6. Be2 Bb5 7. O-O Bxe2 8. Qxe2
Nc6 9. Rd1 cxd4 10. cxd4 Nge7 11. Na3 Nf5 12. Nc2 Be7 13. g4 Nh4 14. Nxh4 Bxh4
15. g5 h6 16. Qh5 Nxe5 17. gxh6 Ng6 18. hxg7 Rxh5 19. g8=Q+ Ke7 20. Qxa8 Bxf2+
21. Kxf2 Rxh2+ 22. Ke1 Qc7 23. Rd3 Rh1+ 24. Kd2 Nf4 25. Rc3 Rh2+ 26. Kd1 Rh1+
27. Ne1 1-0

[Event "Koege Weekend Jubilaeum 2022"]
[Site "Koge"]
[Date "2022.05.01"]
[Round "5"]
[White "Schmidt, Kristen"]
[Black "Nielsen Refs, Karl Emil Elmer"]
[Result "1-0"]
[WhiteElo "2310"]
[BlackElo "1955"]
[PlyCount "43"]
[EventDate "2022.04.29"]
[EventType "swiss"]
[EventRounds "5"]
[EventCountry "DEN"]

1. e4 c5 2. Nf3 d6 3. d4 cxd4 4. Nxd4 Nf6 5. f3 a6 6. c4 e6 7. Nc3 Be7 8. Nc2
Bd7 9. Be2 O-O 10. O-O Bc6 11. Be3 d5 12. cxd5 exd5 13. e5 Ne8 14. f4 f6 15.
Bf3 fxe5 16. Bxd5+ Bxd5 17. Qxd5+ Qxd5 18. Nxd5 Bd8 19. fxe5 Nc6 20. Rxf8+ Kxf8
21. Rf1+ Kg8 22. Bc5 1-0

[Event "Koege Weekend Jubilaeum 2022"]
[Site "Koge"]
[Date "2022.05.01"]
[Round "5"]
[White "Mollasoltani, Aryan"]
[Black "Hansen, Claus Ago"]
[Result "1-0"]
[WhiteElo "1942"]
[BlackElo "1744"]
[PlyCount "57"]
[EventDate "2022.04.29"]
[EventType "swiss"]
[EventRounds "5"]
[EventCountry "DEN"]

1. e4 g6 2. d4 Bg7 3. Bc4 e6 4. Nf3 d6 5. Be3 Ne7 6. Qd2 h6 7. Nc3 a6 8. a4 b6
9. O-O Bb7 10. Rfe1 Nd7 11. h3 c5 12. Rad1 Qc7 13. dxc5 dxc5 14. Bf4 e5 15. Nd5
Nxd5 16. exd5 Qd6 17. Nxe5 Nxe5 18. Bxe5 Bxe5 19. f4 O-O-O 20. fxe5 Qd7 21. b3
h5 22. Qe2 a5 23. e6 Qd6 24. exf7 g5 25. Qe6+ Kb8 26. Qxd6+ Rxd6 27. Re8+ Rd8
28. Rxd8+ Rxd8 29. Re1 1-0

[Event "Koege Weekend Jubilaeum 2022"]
[Site "Koge"]
[Date "2022.05.01"]
[Round "5"]
[White "Videbaek, Vincent"]
[Black "Kuhnrich, Soren"]
[Result "1/2-1/2"]
[WhiteElo "1686"]
[BlackElo "1753"]
[PlyCount "38"]
[EventDate "2022.04.29"]
[EventType "swiss"]
[EventRounds "5"]
[EventCountry "DEN"]

1. e4 c5 2. c3 d5 3. exd5 Qxd5 4. d4 Nc6 5. Nf3 cxd4 6. cxd4 e6 7. Nc3 Bb4 8.
Be2 Nf6 9. O-O Bxc3 10. bxc3 O-O 11. c4 Qa5 12. Be3 h6 13. Qc1 Ng4 14. Bd2 Qd8
15. h3 Nf6 16. Be3 Ne7 17. Rd1 Bd7 18. Rb1 Qc8 19. Ne5 Ba4 1/2-1/2